Statistics for All Countries of the World from West to East by Geographical Center

Click here to take the quiz!

General Stats

  • This quiz has been taken 5,266 times
  • The average score is 80 of 196

Answer Stats

LONCOUNTRY% Correct
-112.1United States
99%
-98.4Canada
89%
-102.3Mexico
88%
-90.2Guatemala
83%
-88.7El Salvador
81%
-88.5Belize
79%
-86.5Honduras
79%
-84.9Nicaragua
79%
-79.9Panama
79%
-84Costa Rica
78%
-78.8Cuba
77%
-78.2Ecuador
75%
-77.1Jamaica
74%
-74.1Peru
73%
-72.9Colombia
72%
-76Bahamas
71%
-70.9Chile
71%
-72.5Haiti
71%
-70.3Dominican Republic
70%
-65.9Venezuela
70%
-64.4Bolivia
69%
-64.9Argentina
68%
-62.8Saint Kitts and Nevis
68%
-61.8Antigua and Barbuda
67%
-61.7Grenada
67%
-59.5Barbados
66%
-61.3Dominica
66%
-58.7Guyana
66%
-58.2Paraguay
66%
-61Saint Lucia
66%
-61.2Saint Vincent and the Grenadines
66%
-61.3Trinidad and Tobago
66%
-55.8Uruguay
66%
-52.9Brazil
65%
-55.6Suriname
65%
-18.3Iceland
64%
-24Cape Verde
63%
-15.3Gambia
62%
-14.6Guinea-Bissau
62%
-2.6United Kingdom
62%
-10.7Guinea
61%
-8Ireland
61%
-6.1Morocco
61%
-7.8Portugal
61%
-14.2Senegal
61%
-3.4Spain
61%
-9.1Liberia
60%
-10.1Mauritania
60%
-11.5Sierra Leone
60%
-5.3Cote d'Ivoire
59%
2.7France
59%
-3.3Mali
59%
1.5Andorra
58%
-1.5Burkina Faso
58%
-1Ghana
58%
1.2Togo
58%
2.8Algeria
57%
4.8Belgium
57%
2.6Benin
57%
5.8Netherlands
57%
6.3Luxembourg
56%
7.4Monaco
54%
8.4Switzerland
54%
8.3Nigeria
53%
9.5Liechtenstein
52%
9.6Niger
52%
7Sao Tome and Principe
52%
9.7Tunisia
52%
10Denmark
50%
10.6Germany
50%
12.3Italy
49%
10.5Equatorial Guinea
48%
12.5Vatican City
48%
12.5San Marino
47%
14.3Austria
46%
12Gabon
46%
12.9Cameroon
45%
14.6Malta
45%
15Slovenia
45%
15.8Norway
44%
15.5Czech Republic
43%
15.3Republic of the Congo
43%
16.7Croatia
42%
16.9Sweden
42%
18Bosnia and Herzegovina
40%
18.2Libya
40%
17.7Angola
39%
18.8Chad
39%
17.4Namibia
39%
19.6Hungary
38%
19.5Montenegro
38%
19.6Poland
38%
19.8Slovakia
38%
20.3Albania
36%
20.6Central African Republic
35%
21Kosovo
35%
21Serbia
35%
23.8Democratic Republic of the Congo
34%
21.9Macedonia
34%
22.9Greece
33%
24Botswana
31%
25.2Latvia
31%
24.1Lithuania
31%
25.2Romania
31%
26Estonia
30%
26.4Finland
30%
25.2South Africa
30%
25.3Bulgaria
29%
28Zambia
29%
28.2Belarus
28%
30Egypt
28%
28.7Moldova
28%
30.2Sudan
28%
31.6Ukraine
28%
30.1Burundi
27%
28.4Lesotho
27%
30.1Rwanda
27%
30South Sudan
27%
30.1Zimbabwe
27%
32.5Uganda
26%
33.3Cyprus
25%
39.8Ethiopia
24%
35.2Israel
24%
36Lebanon
24%
-172.3Samoa
24%
44.7Saudi Arabia
24%
31.7Swaziland
24%
35.4Turkey
24%
45.2Armenia
23%
42.8Djibouti
23%
39.2Eritrea
23%
43.8Georgia
23%
44Iraq
23%
37Jordan
23%
38Kenya
23%
173Kiribati
23%
34.5Malawi
23%
35.7Mozambique
23%
51.4Qatar
23%
46.1Somalia
23%
38.7Syria
23%
35Tanzania
23%
-175Tonga
23%
59.7Turkmenistan
23%
47.8Yemen
23%
66.2Afghanistan
22%
134.6Australia
22%
47.8Azerbaijan
22%
50.6Bahrain
22%
44.3Comoros
22%
158.3Federated States of Micronesia
22%
116.3Indonesia
22%
54.5Iran
22%
138.9Japan
22%
47.8Kuwait
22%
46.9Madagascar
22%
57.6Mauritius
22%
166.9Nauru
22%
172.9New Zealand
22%
56.1Oman
22%
69.6Pakistan
22%
134.5Palau
22%
144.8Papua New Guinea
22%
55.7Seychelles
22%
159Solomon Islands
22%
71.3Tajikistan
22%
178Tuvalu
22%
54.3United Arab Emirates
22%
63.5Uzbekistan
22%
167Vanuatu
22%
90.4Bangladesh
21%
90.6Bhutan
21%
114.9Brunei
21%
96.7Burma
21%
125.9East Timor
21%
175Fiji
21%
79.8India
21%
67.6Kazakhstan
21%
74.8Kyrgyzstan
21%
103.9Laos
21%
112.1Malaysia
21%
73Maldives
21%
168Marshall Islands
21%
84.2Nepal
21%
127.3North Korea
21%
123Philippines
21%
103.8Singapore
21%
127.9South Korea
21%
80.9Sri Lanka
21%
121Taiwan
21%
101.1Thailand
21%
106.4Vietnam
21%
105Cambodia
20%
103.9China
20%
103.3Mongolia
20%
96.9Russia
20%

Score Distribution

Percentile by Number Answered

Percent of People with Each Score

Your Score History

You have not taken this quiz